000 00435 a2200157 4500
005 20250612145756.0
020 _a0-471-85857
082 _a658. 403 THI
100 _aTHIERAUF, R. J.
245 _aDecision Making Through Operations Research
250 _a2nd Ed.
260 _aNew York,
_bJohn Wiley,
_c1975.
300 _axi, 650p.: ill.; figure, table.
_bBibliography & index.
_c25cm.
700 _aKLEKAMP, R. C.
942 _2ddc
_cBKS
999 _c2439
_d2439